Science Quiz

Random Science Quiz

Snakes of Florida Quiz Stats

 Plays Quiz not verified by Sporcle

Score 0/50 Timer 10:00
0 Plays Today
Snake % Correct
Cottonmouth
73.8%
Southern Copperhead
65.7%
Eastern Coral Snake
65.2%
Kingsnake
57.1%
Garter Snake
47.6%
Eastern Diamondback Rattlesnake
46.7%
Burmese Python
42.9%
Rough Green Snake
41.9%
Eastern Racer
39%
Dusky Pigmy Rattlesnake
33.3%
Timber Rattlesnake
32.9%
Brown Snake
32.9%
Eastern Indigo Snake
31.4%
Ringneck Snake
29.5%
Eastern Corn Snake
27.1%
Scarlet Snake
25.2%
Southern Water Snake
25.2%
Boa Constrictor
23.3%
Pine Snake
22.9%
Eastern Ribbon Snake
20.5%
Mud Snake
20%
Eastern Hognose Snake
19%
Eastern Coachwhip
18.1%
Brown Water Snake
17.1%
Eastern Rat Snake
17.1%
Snake % Correct
Rainbow Snake
16.7%
Scarlet Kingsnake
16.7%
Plainbelly Water Snake
15.7%
Southern Hognose Snake
13.8%
Gray Rat Snake
13.8%
Queen Snake
13.8%
Redbelly Snake
12.9%
Mole Kingsnake
12.4%
Rough Earth Snake
12.4%
Florida Green Water Snake
11%
Salt Marsh Snake
10.5%
Northern African Python
10.5%
Glossy Crayfish Snake
10.5%
Striped Crayfish Snake
10%
Brahminy Blind Snake
9.5%
Pine Woods Snake
9.5%
Midland Water Snake
9%
Swamp Snake
8.1%
Southeastern Crowned Snake
7.6%
Rim Rock Crowned Snake
7.6%
Eastern Smooth Earth Snake
6.2%
Mississippi Green Water Snake
5.2%
Florida Brown Snake
5.2%
Florida Crowned Snake
5.2%
Short-tailed Kingsnake
4.3%

You're not logged in!

Compare scores with friends on all Sporcle quizzes.
OR
Log In

Show Comments

Extras

Top Quizzes Today


Score Distribution

Your Account Isn't Verified!

In order to create a playlist on Sporcle, you need to verify the email address you used during registration. Go to your Sporcle Settings to finish the process.

Report this User

Report this user for behavior that violates our Community Guidelines.

Details: